| 000 | 00608nam a2200205 4500 | ||
|---|---|---|---|
| 003 | OSt | ||
| 005 | 20240610030623.0 | ||
| 006 | a | ||
| 008 | 240610b |||||||| |||| 00| 0 eng d | ||
| 020 | _a9789712360992 | ||
| 040 |
_aDWCL-Main lib. _cOC |
||
| 082 | _aFil. 346.59904 D278t 2012 | ||
| 100 | _aDe Leon, Hector S. | ||
| 245 | _aTextbook on agrarian reform and taxation (with cooperatives) / | ||
| 260 |
_aManila : _bRex Book Store, _cc2012. |
||
| 300 |
_axxviii, _b455 p. ; _c22 cm. |
||
| 650 | _a1. Land tenure–Law and legislation. | ||
| 700 | _a Hector S De Leon | ||
| 942 |
_2ddc _n0 _cBK - FIL _kFil. |
||
| 999 |
_c441 _d441 |
||